Advanced Mechanics of Solids: (Record no. 591816)

000 -LEADER
fixed length control field 00499nam a22001337a 4500
020 ## - INTERNATIONAL STANDARD BOOK NUMBER
International Standard Book Number 9781108843317
040 ## - CATALOGING SOURCE
Transcribing agency NUST
082 ## - DEWEY DECIMAL CLASSIFICATION NUMBER
Classification number 620.11282 SCH
100 ## - MAIN ENTRY--PERSONAL NAME
Personal name Schmerr, Lester W.
9 (RLIN) 100311
245 ## - TITLE STATEMENT
Title Advanced Mechanics of Solids:
Remainder of title Analytical and Numerical Solutions with MATLAB®
260 ## - PUBLICATION, DISTRIBUTION, ETC.
Place of publication, distribution, etc. New York:
Name of publisher, distributor, etc. Cambridge University Press,
Date of publication, distribution, etc. 2021.
650 ## - SUBJECT ADDED ENTRY--TOPICAL TERM
Topical term or geographic name entry element Engineering mathematics.Advanced Mechanics of Solids.Analytical and Numerical Solutions with MATLAB.NUSTTB2022
9 (RLIN) 102787
942 ## - ADDED ENTRY ELEMENTS (KOHA)
Source of classification or shelving scheme
Koha item type Book
Holdings
Withdrawn status Lost status Source of classification or shelving scheme Damaged status Not for loan Permanent Location Current Location Shelving location Date acquired Total Checkouts Full call number Barcode Date last seen Price effective from Koha item type
          College of Electrical & Mechanical Engineering (CEME) College of Electrical & Mechanical Engineering (CEME) General Stacks 10/14/2022   620.11282 SCH CEME-50848 10/14/2022 10/14/2022 Book
          College of Electrical & Mechanical Engineering (CEME) College of Electrical & Mechanical Engineering (CEME) General Stacks 12/05/2022   280 SCB CEME-50848-A 12/05/2022 12/05/2022 Book
© 2023 Central Library, National University of Sciences and Technology. All Rights Reserved.